| 000 | 00882nam a2200265 i 4500 | ||
|---|---|---|---|
| 001 | bg | ||
| 100 | 1 | _aSCHLEGEL, Hans Günter | |
| 245 | 1 | 0 |
_aMikrobiologia ogólna / _cHans G. Schlegel ; tł. zbiorowe [z ang.] pod red. nauk. Zdzisława Markiewicza, [tł. Jadwiga Baj et al.]. |
| 246 |
_iTyt. oryg.: _aAllgemeine Mikrobiologie |
||
| 260 |
_aWarszawa : _bWydaw. Naukowe PWN, _c1996. |
||
| 300 |
_a738, [4] s. : _bfot., rys., wykr. ; _c24 cm. |
||
| 500 | _aOryg. : "Allgemeine Mikrobiologie" 1992. | ||
| 504 | _aBibliogr. s. 666-672. - Indeks. | ||
| 650 | 9 | _aMikrobiologia | |
| 655 | _aPodręczniki akademickie | ||
| 700 | 1 |
_aMARKIEWICZ, Zdzisław. _eTł. |
|
| 700 | 1 |
_aBAJ, Jadwiga. _eTł. |
|
| 020 | _a8301120428 | ||
| 040 | _cBPK | ||
| 041 | 1 |
_apl _hde |
|
| 080 | _a579(075.8) | ||
| 920 | _a83-01-12042-8 | ||
| 942 | _cKS | ||
| 008 | s pl f |000 0 pol | ||
| 999 |
_c25112 _d25112 |
||
| 856 |
_uhttp://koha.tu.koszalin.pl/cgi-bin/koha/opac-detail.pl?biblionumber=25112 _yKatalog online BPK |
||